Developing economies in the twenty-first century (Record no. 532744)

MARC details
000 -LEADER
fixed length control field 00720nam a2200241Ia 4500
003 - CONTROL NUMBER IDENTIFIER
control field OSt
005 - DATE AND TIME OF LATEST TRANSACTION
control field 20220925195359.0
008 - FIXED-LENGTH DATA ELEMENTS--GENERAL INFORMATION
fixed length control field 220923b |||||||| |||| 00| 0 eng d
037 ## - SOURCE OF ACQUISITION
Terms of availability General Book
040 ## - CATALOGING SOURCE
Original cataloging agency RTL
Transcribing agency RTL
Language of cataloging eng
041 ## - LANGUAGE CODE
Source of code eng
Language code of text/sound track or separate title eng
100 ## - MAIN ENTRY--PERSONAL NAME
Personal name Yamazawa Ippei Ed.
9 (RLIN) 17167
245 #0 - TITLE STATEMENT
Title Developing economies in the twenty-first century
260 ## - PUBLICATION, DISTRIBUTION, ETC.
Place of publication, distribution, etc. Chiba
Name of publisher, distributor, etc. Institute of Developing Economies
Date of publication, distribution, etc. 2000
300 ## - PHYSICAL DESCRIPTION
Extent vii, 121p.
Dimensions cm.
500 ## - GENERAL NOTE
General note International Symposium on Developing Economies, 20.
650 ## - SUBJECT ADDED ENTRY--TOPICAL TERM
Topical term or geographic name entry element Globalization
942 ## - ADDED ENTRY ELEMENTS (KOHA)
Classification part X991, P0
Koha item type General Books
Source of classification or shelving scheme Colon Classification (CC)

No items available.

Copyright @ Delhi University Library System